Ảnh hưởng của gibberellic acid đồng sulfate và thụ phấn chéo đến số hột của trái bưởi Năm Roi (Citrus maxima cv " Nam Roi") : Luận văn Thạc sĩ Khoa học Nông nghiệp. Chuyên ngành: Trồng trọt

Đề tài " Ảnh hưởng của gibberellic acid đồng sulfate và thụ phấn chéo đến số hột của trái bưởi Năm Roi (Citrus maxima cv " Nam Roi")" được thực hiện nhằm làm thế nào để giảm số hạt trên trái bưởi Năm Roi trong điều kiện đồ...

Full description

Saved in:
Bibliographic Details
Main Author: Nguyễn, Thị Hồng Lĩnh
Format: Book
Language:Undetermined
Published: Cần Thơ Trường Đại học Cần Thơ 2008
Subjects:
Tags: Add Tag
No Tags, Be the first to tag this record!
Institutions: Trung tâm Học liệu Trường Đại học Cần Thơ
LEADER 01504nam a2200229Ia 4500
001 CTU_139533
008 210402s9999 xx 000 0 und d
082 |a 634.32 
082 |b L312 
088 |a 60620110 
100 |a Nguyễn, Thị Hồng Lĩnh 
245 0 |a Ảnh hưởng của gibberellic acid đồng sulfate và thụ phấn chéo đến số hột của trái bưởi Năm Roi (Citrus maxima cv " Nam Roi") : 
245 0 |b Luận văn Thạc sĩ Khoa học Nông nghiệp. Chuyên ngành: Trồng trọt 
245 0 |c Nguyễn Thị Hồng Lĩnh; Lê Văn Bé (Hướng dẫn Khoa học) 
260 |a Cần Thơ 
260 |b Trường Đại học Cần Thơ 
260 |c 2008 
520 |a Đề tài " Ảnh hưởng của gibberellic acid đồng sulfate và thụ phấn chéo đến số hột của trái bưởi Năm Roi (Citrus maxima cv " Nam Roi")" được thực hiện nhằm làm thế nào để giảm số hạt trên trái bưởi Năm Roi trong điều kiện đồng ruộng . Thí nghiệm dùng các nghiệm thức phun gibberellic acid vào thời điểm khi hoa nở trở về sau có số hột/trái không khác biệt so với đối chứng,... 
650 |a Grapefruit,Cây bưởi 
650 |x Varieties,Giống 
904 |i Năm 
980 |a Trung tâm Học liệu Trường Đại học Cần Thơ